000 01169nam0a22002891 4500
001 v19\rc\1708683
005 20260406001939.0
035 _a(NLR Aleph) 005245830
090 _a5752686
_c5752686
100 _a20061002e18991899|||y0rusy50 ca
101 0 _arus
102 _aRU
105 _ay z |||||
200 1 _aНовейшие исследования над бактериологией сыпной горячки и над болезнетворностью micrococci exanthematici для животных
_f[Соч.] Проф. С.В. Левашова
210 _aСанкт-Петербург
_cтип. Я. Трей
_d1899
215 _a28 с.
_d21
309 _aБез тит. л.
311 _aОтт. из газ. "Врач", 1899 г., № 2
488 0 _12001#$aВрач$v1899, № 2
_tВрач
700 1 _8rus
_7ca
_aЛевашов
_bС. В.
_f1857-1919
_gСергей Васильевич
_3RU\NLR\AUTH\77111505
_994430
801 0 _aRU
_bNLR
_c20061002
_gpsbo
801 0 _aRU
_bRuMoRGB
_c20061002
_2psbo
801 1 _aRU
_bProSoft-M
_c20061002
_2rusmarc
801 2 _aRU
_bNLR
_c20120605
_2rusmarc
852 _aNLR
_j18.136.5.124
942 _cBOOK
980 _aNB